| 000 | 00487nam a2200157Ia 4500 | ||
|---|---|---|---|
| 999 |
_c22854 _d22854 |
||
| 082 | _a928.54 WHO; | ||
| 245 | 0 | _aWho's who: children's writers,editors,iiustrators | |
| 260 |
_aNew Delhi _bIndian Council for Child Education _c1985 |
||
| 300 | _a136p.: photographs | ||
| 650 | _aBiography - Directories | ||
| 650 | _aEditors - Biography - India | ||
| 650 | _aIllustrators - Biography - India | ||
| 650 | _aChildren's writers - Biography | ||
| 700 | _aBharti, Jai Prakash | ||
| 942 | _cBK | ||